00602 2200229 4500001002100000005001500021020001800036035002400054040001200078082001400090084001200104090001200116245008400128250001100212260002700223300003700250650001700287700001700304990001700321990001700338990001700355YOGYA00000000010670120140823134752 a979-8451-91-0 0010-061400000000054 aYOPDYOG 2[22]a320 a320 Rak a320 Rak aRAKYAT jadi raja lagib: Esai-esai politik Arif Afandic/ editor, Djoko Pitono. aCet.1. aYogyakartabLKiSc2005 axvii, 250 hlm.c; 18 cm (3 eks.) aPolitik-Esai aDjoko Pitono a7612/PD.2014 a7613/PD.2014 a7614/PD.2014